[Event "DEM U12w 2021"]
[Site "Willingen GER"]
[Date "2021.08.29"]
[Round "9"]
[White "Wartenberg, Alissa"]
[Black "Burlutskaia, Maria"]
[Result "0-1"]
[Termination "normal"]
[Board "2"]
[WhiteElo "1562"]
[BlackElo "1337"]
[WhiteClock "00:33:16"]
[BlackClock "01:09:32"]
[PlyCount "90"]
[WhiteFideId "16280741"]
[BlackFideId "34607137"]
[EventCountry "GER"]
[EventRounds "9"]
[EventType "swiss"]
[EventDate "2021.08.22"]

1. e4 {[%clk 1:30:58]} d6 {[%clk 1:30:53]} 2. d4 {[%clk 1:30:37]} Nf6 {[%clk
1:31:13]} 3. Nc3 {[%clk 1:30:46]} e5 {[%clk 1:31:35]} 4. Nge2 {[%clk 1:27:38]}
Nbd7 {[%clk 1:30:50]} 5. f3 {[%clk 1:27:01]} a6 {[%clk 1:27:52]} 6. Be3 {[%clk
1:25:38]} b5 {[%clk 1:26:46]} 7. dxe5 {[%clk 1:22:22]} Nxe5 {[%clk 1:26:36]} 8.
Nd5 {[%clk 1:20:33]} Nxd5 {[%clk 1:24:17]} 9. exd5 {[%clk 1:20:11]} Bb7 {[%clk
1:23:47]} 10. Nc3 {[%clk 1:10:09]} Qe7 {[%clk 1:21:05]} 11. Qe2 {[%clk
1:08:20]} Nc4 {[%clk 1:20:59]} 12. Bc1 {[%clk 1:04:57]} Nb6 {[%clk 1:20:01]}
13. Qxe7+ {[%clk 1:03:19]} Bxe7 {[%clk 1:19:29]} 14. Bd2 {[%clk 1:01:38]} Nxd5
{[%clk 1:19:26]} 15. O-O-O {[%clk 1:01:13]} Nxc3 {[%clk 1:18:42]} 16. Bxc3
{[%clk 1:01:37]} f6 {[%clk 1:18:05]} 17. Re1 {[%clk 1:01:14]} Kd7 {[%clk
1:16:30]} 18. Bd3 {[%clk 1:00:15]} g6 {[%clk 1:12:25]} 19. Re2 {[%clk 0:59:59]}
c5 {[%clk 1:12:02]} 20. b3 {[%clk 1:00:03]} Bc6 {[%clk 1:11:57]} 21. Rhe1
{[%clk 0:59:03]} Rhe8 {[%clk 1:12:14]} 22. Be4 {[%clk 0:55:30]} Bxe4 {[%clk
1:12:17]} 23. Rxe4 {[%clk 0:53:49]} d5 {[%clk 1:11:12]} 24. R4e2 {[%clk
0:52:55]} d4 {[%clk 1:11:09]} 25. Bd2 {[%clk 0:53:08]} c4 {[%clk 1:10:35]} 26.
Bf4 {[%clk 0:51:17]} Ba3+ {[%clk 1:09:48]} 27. Kd1 {[%clk 0:51:02]} Rxe2 {[%clk
1:09:28]} 28. Rxe2 {[%clk 0:50:48]} Re8 {[%clk 1:09:29]} 29. Rxe8 {[%clk
0:49:21]} Kxe8 {[%clk 1:09:54]} 30. Bc7 {[%clk 0:48:17]} Kd7 {[%clk 1:09:58]}
31. Bb6 {[%clk 0:48:33]} Bb2 {[%clk 1:09:59]} 32. Ke2 {[%clk 0:46:40]} Kc6
{[%clk 1:10:09]} 33. Ba7 {[%clk 0:45:54]} a5 {[%clk 1:08:41]} 34. bxc4 {[%clk
0:45:24]} bxc4 {[%clk 1:09:00]} 35. a4 {[%clk 0:45:18]} Kd5 {[%clk 1:08:56]}
36. Bb6 {[%clk 0:45:32]} Bc3 {[%clk 1:09:19]} 37. Ba7 {[%clk 0:41:34]} f5
{[%clk 1:09:31]} 38. g4 {[%clk 0:41:12]} fxg4 {[%clk 1:08:22]} 39. fxg4 {[%clk
0:41:32]} h5 {[%clk 1:08:43]} 40. gxh5 {[%clk 0:41:07]} gxh5 {[%clk 1:09:04]}
41. h3 {[%clk 0:40:59]} Ke4 {[%clk 1:09:18]} 42. Bb6 {[%clk 0:36:27]} d3+
{[%clk 1:09:36]} 43. Kd1 {[%clk 0:35:30]} Kf3 {[%clk 1:09:06]} 44. Bc7 {[%clk
0:34:54]} h4 {[%clk 1:09:15]} 45. cxd3 {[%clk 0:33:16]} cxd3 {[%clk 1:09:32]}
0-1

[Event "DEM U12w 2021"]
[Site "Willingen GER"]
[Date "2021.08.29"]
[Round "9"]
[White "Neininger, Sarah"]
[Black "Sickmann, Lisa"]
[Result "0-1"]
[Termination "normal"]
[Board "3"]
[WhiteElo "1434"]
[BlackElo "1462"]
[WhiteClock "00:52:56"]
[BlackClock "00:59:51"]
[PlyCount "40"]
[WhiteFideId "16287410"]
[BlackFideId "16267818"]
[EventCountry "GER"]
[EventRounds "9"]
[EventType "swiss"]
[EventDate "2021.08.22"]

1. e4 {[%clk 1:30:56]} e5 {[%clk 1:30:15]} 2. Nf3 {[%clk 1:31:12]} Nc6 {[%clk
1:30:40]} 3. Bc4 {[%clk 1:31:26]} Bc5 {[%clk 1:31:03]} 4. c3 {[%clk 1:31:45]}
Nf6 {[%clk 1:31:28]} 5. d4 {[%clk 1:32:02]} exd4 {[%clk 1:31:53]} 6. O-O {[%clk
1:32:16]} Nxe4 {[%clk 1:31:23]} 7. cxd4 {[%clk 1:32:26]} d5 {[%clk 1:31:34]} 8.
dxc5 {[%clk 1:32:44]} dxc4 {[%clk 1:31:54]} 9. Qe2 {[%clk 1:33:02]} Qd3 {[%clk
1:32:15]} 10. Re1 {[%clk 1:33:06]} f5 {[%clk 1:32:10]} 11. Nc3 {[%clk 1:33:17]}
O-O {[%clk 1:30:04]} 12. Nxe4 {[%clk 1:32:41]} fxe4 {[%clk 1:28:27]} 13. Qxe4
{[%clk 1:32:58]} Bf5 {[%clk 1:24:51]} 14. Qh4 {[%clk 1:31:30]} Rae8 {[%clk
1:17:26]} 15. Bf4 {[%clk 1:19:32]} Nd4 {[%clk 1:09:30]} 16. Ne5 {[%clk
1:09:20]} Qc2 {[%clk 1:02:34]} 17. Be3 {[%clk 1:02:57]} Ne2+ {[%clk 1:00:30]}
18. Rxe2 {[%clk 0:57:09]} Qxe2 {[%clk 0:59:59]} 19. Nxc4 {[%clk 0:54:31]} Re4
{[%clk 1:00:01]} 20. Qg3 {[%clk 0:52:56]} Rxc4 {[%clk 0:59:51]} 0-1

[Event "DEM U12w 2021"]
[Site "Willingen GER"]
[Date "2021.08.29"]
[Round "9"]
[White "Lorenz, Veronika"]
[Black "Bauer, Laura Sophie"]
[Result "0-1"]
[Termination "normal"]
[Board "4"]
[WhiteElo "1395"]
[BlackElo "1309"]
[WhiteClock "00:26:43"]
[BlackClock "00:58:13"]
[PlyCount "104"]
[WhiteFideId "16277406"]
[BlackFideId "16253647"]
[EventCountry "GER"]
[EventRounds "9"]
[EventType "swiss"]
[EventDate "2021.08.22"]

1. Nf3 {[%clk 1:30:39]} d5 {[%clk 1:30:49]} 2. g3 {[%clk 1:30:47]} Nc6 {[%clk
1:30:43]} 3. d4 {[%clk 1:30:12]} Nf6 {[%clk 1:29:56]} 4. Bg2 {[%clk 1:29:54]}
e6 {[%clk 1:28:41]} 5. O-O {[%clk 1:28:51]} Bd6 {[%clk 1:27:28]} 6. c3 {[%clk
1:21:01]} h6 {[%clk 1:22:59]} 7. Re1 {[%clk 1:16:56]} O-O {[%clk 1:21:53]} 8.
Nbd2 {[%clk 1:13:14]} e5 {[%clk 1:15:55]} 9. e4 {[%clk 1:08:31]} dxe4 {[%clk
1:11:18]} 10. Nxe4 {[%clk 1:08:34]} Nxe4 {[%clk 1:10:26]} 11. Rxe4 {[%clk
1:08:56]} Bf5 {[%clk 1:08:27]} 12. Re1 {[%clk 1:08:22]} exd4 {[%clk 1:07:35]}
13. Nxd4 {[%clk 1:06:15]} Nxd4 {[%clk 1:05:58]} 14. cxd4 {[%clk 1:06:37]} c6
{[%clk 1:05:02]} 15. Bd2 {[%clk 1:05:37]} Qd7 {[%clk 1:00:32]} 16. Bc3 {[%clk
1:04:30]} Rfe8 {[%clk 0:54:45]} 17. Rxe8+ {[%clk 0:58:52]} Rxe8 {[%clk
0:54:54]} 18. f3 {[%clk 0:46:00]} Bh3 {[%clk 0:49:26]} 19. Bh1 {[%clk 0:42:04]}
Qe6 {[%clk 0:45:35]} 20. Qe1 {[%clk 0:37:12]} Qe2 {[%clk 0:39:38]} 21. Qxe2
{[%clk 0:36:57]} Rxe2 {[%clk 0:40:02]} 22. Re1 {[%clk 0:37:15]} Rxe1+ {[%clk
0:39:20]} 23. Bxe1 {[%clk 0:37:16]} Be6 {[%clk 0:38:57]} 24. a3 {[%clk
0:35:37]} Bd5 {[%clk 0:37:23]} 25. f4 {[%clk 0:35:34]} Bxh1 {[%clk 0:37:41]}
26. Kxh1 {[%clk 0:36:03]} Kf8 {[%clk 0:36:41]} 27. Kg2 {[%clk 0:35:51]} Ke7
{[%clk 0:36:35]} 28. Bc3 {[%clk 0:34:52]} g6 {[%clk 0:36:30]} 29. Kf3 {[%clk
0:33:17]} f5 {[%clk 0:35:58]} 30. h3 {[%clk 0:32:08]} g5 {[%clk 0:34:12]} 31.
Bd2 {[%clk 0:27:22]} Kf6 {[%clk 0:31:44]} 32. fxg5+ {[%clk 0:23:48]} hxg5
{[%clk 0:32:08]} 33. h4 {[%clk 0:24:07]} gxh4 {[%clk 0:31:15]} 34. gxh4 {[%clk
0:23:55]} Kg6 {[%clk 0:31:24]} 35. Bg5 {[%clk 0:23:03]} Kh5 36. Bf4 {[%clk
0:11:23]} Be7 {[%clk 0:27:52]} 37. Bb8 {[%clk 0:11:35]} Kxh4 {[%clk 0:26:59]}
38. Bxa7 {[%clk 0:11:57]} Kg5 {[%clk 0:27:02]} 39. Bc5 {[%clk 0:11:58]} Bxc5
{[%clk 0:26:24]} 40. dxc5 {[%clk 0:12:23]} f4 {[%clk 0:26:43]} 41. b4 {[%clk
0:03:36]} Kf5 {[%clk 0:26:59]} 42. a4 {[%clk 0:00:41]} Ke6 {[%clk 0:27:21]} 43.
a5 {[%clk 0:25:58]} Kd5 {[%clk 0:57:22]} 44. b5 {[%clk 0:25:58]} cxb5 {[%clk
0:57:28]} 45. Kxf4 {[%clk 0:25:33]} Kxc5 {[%clk 0:57:26]} 46. Ke3 {[%clk
0:25:42]} Kb4 {[%clk 0:57:32]} 47. Kd2 {[%clk 0:26:04]} Ka3 {[%clk 0:57:31]}
48. Kc3 {[%clk 0:25:59]} b4+ {[%clk 0:57:50]} 49. Kc4 {[%clk 0:26:13]} b3
{[%clk 0:57:42]} 50. Kb5 {[%clk 0:25:59]} b2 {[%clk 0:58:06]} 51. Kb6 {[%clk
0:26:27]} b1=Q+ {[%clk 0:58:26]} 52. Ka7 {[%clk 0:26:43]} Qb5 {[%clk 0:58:13]}
0-1

[Event "DEM U12w 2021"]
[Site "Willingen GER"]
[Date "2021.08.29"]
[Round "9"]
[White "Flierl, Veronika"]
[Black "Hergenröder, Cora"]
[Result "0-1"]
[Termination "normal"]
[Board "5"]
[WhiteElo "1372"]
[BlackElo "1463"]
[WhiteClock "00:23:29"]
[BlackClock "00:18:30"]
[PlyCount "50"]
[WhiteFideId "34603697"]
[BlackFideId "34603700"]
[EventCountry "GER"]
[EventRounds "9"]
[EventType "swiss"]
[EventDate "2021.08.22"]

1. e4 {[%clk 1:30:58]} c6 {[%clk 1:30:54]} 2. d4 {[%clk 1:31:24]} d5 {[%clk
1:31:21]} 3. exd5 {[%clk 1:31:50]} cxd5 {[%clk 1:31:43]} 4. Bd3 {[%clk
1:32:11]} Nf6 {[%clk 1:32:04]} 5. h3 {[%clk 1:32:34]} Qc7 {[%clk 1:32:10]} 6.
Nf3 {[%clk 1:31:13]} g6 {[%clk 1:32:00]} 7. c3 {[%clk 1:30:50]} Bf5 {[%clk
1:31:56]} 8. Na3 {[%clk 1:27:40]} a6 {[%clk 1:30:57]} 9. Nc2 {[%clk 1:26:32]}
Nc6 {[%clk 1:30:37]} 10. Bg5 {[%clk 1:26:18]} Bxd3 {[%clk 1:26:52]} 11. Qxd3
{[%clk 1:26:28]} Ne4 {[%clk 1:24:19]} 12. Be3 {[%clk 1:22:35]} b5 {[%clk
1:14:09]} 13. Nd2 {[%clk 1:13:43]} f5 {[%clk 1:14:10]} 14. Nxe4 {[%clk
1:08:19]} dxe4 {[%clk 1:13:08]} 15. Qd2 {[%clk 1:07:58]} O-O-O {[%clk 1:11:35]}
16. a4 {[%clk 0:59:28]} Na5 {[%clk 1:03:50]} 17. Ra2 {[%clk 0:50:32]} Qc4
{[%clk 0:53:09]} 18. Ra3 {[%clk 0:43:56]} e5 {[%clk 0:37:29]} 19. b4 {[%clk
0:39:10]} f4 {[%clk 0:33:45]} 20. Bxf4 {[%clk 0:37:54]} exf4 {[%clk 0:33:02]}
21. Qxf4 {[%clk 0:38:08]} Bd6 22. Qg4+ {[%clk 0:28:25]} Kb8 {[%clk 0:29:56]}
23. axb5 {[%clk 0:27:31]} Nb3 {[%clk 0:19:14]} 24. bxa6 {[%clk 0:23:19]} Qxc3+
{[%clk 0:19:13]} 25. Kf1 {[%clk 0:23:29]} Qxc2 {[%clk 0:18:30]} 0-1

[Event "DEM U12w 2021"]
[Site "Willingen GER"]
[Date "2021.08.29"]
[Round "9"]
[White "Pröttel, Ela"]
[Black "Schülke, Rosalie"]
[Result "0-1"]
[Termination "normal"]
[Board "6"]
[WhiteElo "1182"]
[BlackElo "1423"]
[WhiteClock "00:30:30"]
[BlackClock "00:13:11"]
[PlyCount "43"]
[WhiteFideId "44582749"]
[BlackFideId "16287436"]
[EventCountry "GER"]
[EventRounds "9"]
[EventType "swiss"]
[EventDate "2021.08.22"]

1. e4 {[%clk 1:30:56]} e6 {[%clk 1:30:54]} 2. d4 {[%clk 1:31:21]} d5 {[%clk
1:31:16]} 3. e5 {[%clk 1:31:46]} c5 {[%clk 1:31:32]} 4. c3 {[%clk 1:32:04]} Nc6
{[%clk 1:31:44]} 5. Nf3 {[%clk 1:32:23]} Qb6 {[%clk 1:31:44]} 6. a3 {[%clk
1:32:38]} f6 {[%clk 1:31:10]} 7. b4 {[%clk 1:32:29]} fxe5 {[%clk 1:30:26]} 8.
dxe5 {[%clk 1:32:36]} c4 {[%clk 1:29:51]} 9. Be2 {[%clk 1:20:23]} Nh6 {[%clk
1:27:35]} 10. h3 {[%clk 1:01:36]} Nf7 {[%clk 1:25:20]} 11. Bf4 {[%clk 0:52:51]}
g6 {[%clk 1:22:22]} 12. a4 {[%clk 0:46:26]} Bg7 {[%clk 1:19:16]} 13. O-O {[%clk
0:21:14]} Ncxe5 {[%clk 1:10:03]} 14. Nd4 {[%clk 0:16:27]} O-O {[%clk 1:05:51]}
15. a5 {[%clk 0:11:55]} Qd8 {[%clk 1:01:44]} 16. Be3 Nd6 {[%clk 0:52:14]} 17.
Nd2 {[%clk 0:00:37]} Nf5 {[%clk 0:50:00]} 18. Nxf5 {[%clk 0:00:33]} exf5 {[%clk
0:46:41]} 19. Qc2 {[%clk 0:00:33]} f4 {[%clk 0:42:19]} 20. Bc5 {[%clk 0:00:34]}
Bf5 {[%clk 0:17:00]} 21. Qa4 {[%clk 0:00:35]} Re8 {[%clk 0:13:11]} 22. Qa3
{[%clk 0:30:30]} 0-1

[Event "DEM U12w 2021"]
[Site "Willingen GER"]
[Date "2021.08.29"]
[Round "9"]
[White "Moldovan, Tatiana"]
[Black "Moldovan, Stela"]
[Result "1-0"]
[Termination "normal"]
[Board "7"]
[WhiteElo "1437"]
[BlackElo "1251"]
[WhiteClock "01:16:19"]
[BlackClock "01:27:32"]
[PlyCount "37"]
[WhiteFideId "16287398"]
[BlackFideId "16287380"]
[EventCountry "GER"]
[EventRounds "9"]
[EventType "swiss"]
[EventDate "2021.08.22"]

1. e4 {[%clk 1:30:52]} c5 {[%clk 1:30:20]} 2. Nc3 {[%clk 1:31:13]} e6 {[%clk
1:30:19]} 3. Nf3 {[%clk 1:31:29]} Nc6 {[%clk 1:30:39]} 4. d4 {[%clk 1:31:39]}
cxd4 {[%clk 1:30:58]} 5. Nxd4 {[%clk 1:31:57]} Bc5 {[%clk 1:31:11]} 6. Nxc6
{[%clk 1:27:30]} bxc6 {[%clk 1:31:28]} 7. Bd3 {[%clk 1:25:54]} Ne7 {[%clk
1:29:26]} 8. O-O {[%clk 1:22:55]} Ng6 {[%clk 1:28:56]} 9. Na4 {[%clk 1:22:32]}
Be7 {[%clk 1:28:25]} 10. f4 {[%clk 1:22:13]} O-O {[%clk 1:28:31]} 11. Rf3
{[%clk 1:21:29]} f5 {[%clk 1:28:42]} 12. exf5 {[%clk 1:20:32]} exf5 {[%clk
1:29:04]} 13. Rh3 {[%clk 1:18:10]} d5 {[%clk 1:29:22]} 14. Qh5 {[%clk 1:17:28]}
Qa5 {[%clk 1:28:11]} 15. Nc3 {[%clk 1:16:03]} d4 {[%clk 1:28:21]} 16. Bc4+
{[%clk 1:15:27]} Rf7 {[%clk 1:27:26]} 17. Qxh7+ {[%clk 1:15:43]} Kf8 {[%clk
1:27:38]} 18. Qh8+ {[%clk 1:15:56]} Nxh8 {[%clk 1:27:32]} 19. Rxh8# {[%clk
1:16:19]} 1-0

[Event "DEM U12w 2021"]
[Site "Willingen GER"]
[Date "2021.08.29"]
[Round "9"]
[White "Huber, Laura"]
[Black "Müller, Cosima"]
[Result "1-0"]
[Termination "normal"]
[Board "8"]
[WhiteElo "1265"]
[BlackElo "1389"]
[WhiteClock "00:13:16"]
[BlackClock "01:00:18"]
[PlyCount "69"]
[WhiteFideId "16270940"]
[BlackFideId "34601490"]
[EventCountry "GER"]
[EventRounds "9"]
[EventType "swiss"]
[EventDate "2021.08.22"]

1. e4 {[%clk 1:30:58]} c5 {[%clk 1:30:57]} 2. c4 {[%clk 1:31:22]} Nc6 {[%clk
1:30:47]} 3. Nc3 {[%clk 1:31:35]} Nf6 {[%clk 1:30:57]} 4. g3 {[%clk 1:31:18]}
d6 {[%clk 1:29:51]} 5. Bg2 {[%clk 1:21:21]} g6 {[%clk 1:29:48]} 6. Nge2 {[%clk
1:21:36]} Bg7 {[%clk 1:29:31]} 7. O-O {[%clk 1:21:25]} O-O {[%clk 1:29:27]} 8.
d3 {[%clk 1:21:16]} Bd7 {[%clk 1:28:48]} 9. f4 {[%clk 1:17:15]} Bg4 {[%clk
1:22:10]} 10. h3 {[%clk 1:12:47]} Bxe2 {[%clk 1:22:05]} 11. Qxe2 {[%clk
1:12:58]} Nd4 {[%clk 1:22:19]} 12. Qf2 {[%clk 1:03:23]} e6 {[%clk 1:19:47]} 13.
g4 {[%clk 0:46:20]} Nd7 {[%clk 1:18:25]} 14. f5 {[%clk 0:44:28]} Qf6 {[%clk
1:09:32]} 15. g5 {[%clk 0:42:47]} Qd8 {[%clk 1:08:51]} 16. f6 {[%clk 0:40:50]}
Bh8 {[%clk 1:09:12]} 17. h4 {[%clk 0:31:23]} Ne5 {[%clk 1:07:48]} 18. Qg3
{[%clk 0:29:24]} Qa5 {[%clk 1:03:33]} 19. Kh2 {[%clk 0:20:27]} b5 {[%clk
1:02:16]} 20. cxb5 {[%clk 0:19:45]} Nxb5 {[%clk 1:02:40]} 21. Nxb5 {[%clk
0:16:37]} Qxb5 {[%clk 1:03:03]} 22. Rd1 {[%clk 0:16:50]} Rab8 {[%clk 1:02:55]}
23. b3 {[%clk 0:15:37]} a5 {[%clk 1:02:46]} 24. Bb2 {[%clk 0:15:13]} a4 {[%clk
1:02:09]} 25. Bxe5 {[%clk 0:15:21]} dxe5 {[%clk 1:02:24]} 26. Qxe5 {[%clk
0:15:25]} axb3 27. axb3 Qxb3 {[%clk 1:01:11]} 28. Rdb1 {[%clk 0:14:56]} Qxb1
{[%clk 1:00:19]} 29. Rxb1 {[%clk 0:15:25]} Rxb1 {[%clk 1:00:41]} 30. Qxc5
{[%clk 0:15:27]} h6 {[%clk 1:00:34]} 31. d4 {[%clk 0:14:57]} Rfb8 {[%clk
1:00:29]} 32. e5 {[%clk 0:12:54]} hxg5 {[%clk 1:00:27]} 33. hxg5 {[%clk
0:13:00]} R1b5 {[%clk 1:00:12]} 34. Qe7 {[%clk 0:12:57]} R5b7 {[%clk 1:00:18]}
35. Bxb7 {[%clk 0:13:16]} 1-0

[Event "DEM U12w 2021"]
[Site "Willingen GER"]
[Date "2021.08.29"]
[Round "9"]
[White "Chandrasekher, Ritu"]
[Black "Bangiev, Katharina"]
[Result "1-0"]
[Termination "normal"]
[Board "9"]
[WhiteElo "1197"]
[BlackElo "1477"]
[WhiteClock "01:27:09"]
[BlackClock "00:27:00"]
[PlyCount "87"]
[WhiteFideId "34609024"]
[BlackFideId "16267230"]
[EventCountry "GER"]
[EventRounds "9"]
[EventType "swiss"]
[EventDate "2021.08.22"]

1. e4 {[%clk 1:30:58]} c5 {[%clk 1:30:56]} 2. Nf3 {[%clk 1:31:22]} Nc6 {[%clk
1:31:08]} 3. d4 {[%clk 1:31:44]} cxd4 {[%clk 1:31:35]} 4. Nxd4 {[%clk 1:32:05]}
g6 {[%clk 1:32:02]} 5. c4 {[%clk 1:32:14]} Bg7 {[%clk 1:32:24]} 6. Be3 {[%clk
1:32:27]} Nf6 {[%clk 1:32:29]} 7. Nc3 {[%clk 1:32:44]} Ng4 {[%clk 1:32:29]} 8.
Qxg4 {[%clk 1:31:13]} Nxd4 {[%clk 1:32:50]} 9. Qd1 {[%clk 1:30:47]} Nc6 {[%clk
1:33:10]} 10. Be2 {[%clk 1:30:28]} d6 {[%clk 1:31:28]} 11. O-O {[%clk 1:28:30]}
O-O {[%clk 1:30:15]} 12. Qd2 {[%clk 1:27:21]} Be6 {[%clk 1:28:34]} 13. Rad1
{[%clk 1:24:33]} Rc8 {[%clk 1:22:08]} 14. Nb5 {[%clk 1:19:48]} a6 {[%clk
1:17:38]} 15. Nd4 {[%clk 1:18:44]} Qd7 {[%clk 1:05:40]} 16. b3 {[%clk 1:17:17]}
f5 {[%clk 0:57:56]} 17. Nxc6 {[%clk 1:12:13]} Qxc6 {[%clk 0:57:59]} 18. exf5
Bxf5 {[%clk 0:57:30]} 19. Bf3 {[%clk 1:08:27]} Be4 {[%clk 0:55:06]} 20. Bxe4
{[%clk 1:06:52]} Qxe4 {[%clk 0:55:30]} 21. Bg5 {[%clk 1:06:22]} Bf6 {[%clk
0:44:20]} 22. Bxf6 {[%clk 1:02:33]} Rxf6 {[%clk 0:39:30]} 23. Rde1 {[%clk
1:01:51]} Qc6 {[%clk 0:34:14]} 24. Rxe7 {[%clk 1:00:34]} Rf7 {[%clk 0:28:28]}
25. Rxf7 {[%clk 1:00:18]} Kxf7 {[%clk 0:28:55]} 26. Qf4+ {[%clk 1:00:18]} Kg7
{[%clk 0:28:08]} 27. Re1 {[%clk 0:59:51]} Re8 {[%clk 0:27:41]} 28. Qd4+ {[%clk
0:59:41]} Kf7 {[%clk 0:25:11]} 29. Rxe8 {[%clk 0:59:38]} Qxe8 {[%clk 0:23:38]}
30. Qe3 {[%clk 0:59:42]} Qxe3 {[%clk 0:22:26]} 31. fxe3 {[%clk 0:59:52]} Ke6
{[%clk 0:22:09]} 32. Kf2 {[%clk 0:59:58]} Ke5 {[%clk 0:21:36]} 33. Kf3 {[%clk
1:00:13]} h6 {[%clk 0:19:44]} 34. g4 {[%clk 0:59:24]} a5 {[%clk 0:16:57]} 35.
a3 {[%clk 0:59:22]} b6 {[%clk 0:16:33]} 36. h4 {[%clk 0:58:52]} g5 {[%clk
0:15:18]} 37. h5 {[%clk 0:58:28]} d5 {[%clk 0:15:15]} 38. Ke2 {[%clk 0:56:14]}
dxc4 {[%clk 0:03:32]} 39. bxc4 {[%clk 0:56:14]} Kd6 {[%clk 0:01:35]} 40. Kd3
{[%clk 0:56:27]} a4 {[%clk 0:00:34]} 41. Kd4 {[%clk 0:56:34]} Ke6 {[%clk
0:29:10]} 42. e4 {[%clk 1:26:44]} Kd6 {[%clk 0:28:56]} 43. e5+ {[%clk 1:26:57]}
Ke6 {[%clk 0:27:00]} 44. Ke4 {[%clk 1:27:09]} 1-0

[Event "DEM U12w 2021"]
[Site "Willingen GER"]
[Date "2021.08.29"]
[Round "9"]
[White "Haug, Mara"]
[Black "Halas, Neele Zoe"]
[Result "1/2-1/2"]
[Termination "normal"]
[Board "10"]
[WhiteElo "1366"]
[BlackElo "1494"]
[WhiteClock "00:03:18"]
[BlackClock "00:01:28"]
[PlyCount "70"]
[WhiteFideId "16259300"]
[BlackFideId "16287282"]
[EventCountry "GER"]
[EventRounds "9"]
[EventType "swiss"]
[EventDate "2021.08.22"]

1. e4 {[%clk 1:30:56]} e5 {[%clk 1:30:55]} 2. Nc3 {[%clk 1:31:18]} Nf6 {[%clk
1:31:00]} 3. g3 {[%clk 1:31:41]} d5 {[%clk 1:27:04]} 4. exd5 {[%clk 1:32:04]}
Nxd5 {[%clk 1:27:27]} 5. Bg2 {[%clk 1:32:27]} Nxc3 {[%clk 1:25:33]} 6. bxc3
{[%clk 1:32:50]} Bc5 {[%clk 1:24:18]} 7. Ne2 {[%clk 1:31:41]} c6 {[%clk
1:12:34]} 8. d4 {[%clk 1:27:43]} exd4 {[%clk 0:59:12]} 9. cxd4 {[%clk 1:27:19]}
Bb6 {[%clk 0:59:10]} 10. O-O {[%clk 1:26:38]} O-O {[%clk 0:58:33]} 11. Re1
{[%clk 1:24:52]} Be6 {[%clk 0:54:24]} 12. c3 {[%clk 1:19:40]} Bd5 {[%clk
0:54:14]} 13. f3 {[%clk 1:13:08]} Na6 {[%clk 0:49:53]} 14. Nf4 {[%clk 1:08:48]}
Bc4 {[%clk 0:49:08]} 15. Qa4 {[%clk 1:02:43]} Bd5 {[%clk 0:48:41]} 16. Nxd5
{[%clk 1:00:32]} Qxd5 {[%clk 0:46:48]} 17. f4 {[%clk 0:59:06]} Qa5 {[%clk
0:42:55]} 18. Qb3 {[%clk 0:55:09]} Bxd4+ {[%clk 0:41:46]} 19. Re3 {[%clk
0:41:19]} Bxe3+ {[%clk 0:41:03]} 20. Bxe3 {[%clk 0:32:19]} b6 {[%clk 0:30:04]}
21. Qc4 {[%clk 0:24:26]} Rac8 {[%clk 0:25:59]} 22. Kf2 {[%clk 0:18:44]} Nb8
{[%clk 0:16:04]} 23. Rb1 {[%clk 0:14:57]} Qa6 {[%clk 0:12:47]} 24. Qb3 {[%clk
0:13:09]} c5 {[%clk 0:09:25]} 25. Bd5 {[%clk 0:09:42]} Rcd8 {[%clk 0:07:07]}
26. c4 {[%clk 0:08:06]} Rd7 {[%clk 0:05:06]} 27. f5 {[%clk 0:06:11]} Rd6 {[%clk
0:02:26]} 28. Bf4 {[%clk 0:04:57]} Rd7 {[%clk 0:02:02]} 29. Qb2 {[%clk
0:05:02]} h6 {[%clk 0:00:41]} 30. Be5 {[%clk 0:04:59]} Rfd8 {[%clk 0:00:43]}
31. Bxg7 {[%clk 0:05:16]} Rxd5 {[%clk 0:00:52]} 32. cxd5 {[%clk 0:05:35]} Rxd5
{[%clk 0:01:19]} 33. Bxh6 {[%clk 0:04:50]} Rxf5+ {[%clk 0:01:39]} 34. Kg1
{[%clk 0:04:43]} f6 {[%clk 0:01:46]} 35. Qd2 {[%clk 0:03:18]} Qc8 {[%clk
0:01:28]} 1/2-1/2